00465 a2200169 4500010001400000020002300014035001300037037001500050082001100065100001600076245004800092250001100140260004900151270004500200300003000245500002000275 aENG-87019 a0070648174c299.00 aEN-70552 bDBAD / PUB14a621.431 aGanesan, V.1 aInternal combustion engines/cby V.Ganeshan a3rd ed aNew DelhibTata McGraw-Hill Publishingc2007 a7, West Patel Nagar,bNew Delhie110 008 axxxiv, 732 pc23 cm (Pbk) aIncludes index